Donna (La), Figlia di San Paolo, nella pastorale specializzata secondo l'insegnamento di G. Alberione (Record n. 76286)
[ formato base ]
| 000 -LEADER | |
|---|---|
| fixed length control field | 01482nam a2200301Ia 4500 |
| 001 - CONTROL NUMBER | |
| control field | 4826 |
| 003 - CONTROL NUMBER IDENTIFIER | |
| control field | IT-RoPAU |
| 008 - FIXED-LENGTH DATA ELEMENTS--GENERAL INFORMATION | |
| fixed length control field | 130308s9999 xx 000 0 und d |
| 040 ## - CATALOGING SOURCE | |
| Original cataloging agency | IT-RoPAU |
| 040 ## - CATALOGING SOURCE | |
| Transcribing agency | IT-RoPAU |
| 041 ## - LANGUAGE CODE | |
| Language code of text/sound track or separate title | ITALIANO |
| 999 ## - SYSTEM CONTROL NUMBERS (KOHA) | |
| Koha Dewey Subclass [OBSOLETE] | SI |
| 100 ## - MAIN ENTRY--PERSONAL NAME | |
| Personal name | Gioia Caterina |
| 100 ## - MAIN ENTRY--PERSONAL NAME | |
| Miscellaneous information | Codice Aut. SPICS: 6049 |
| 245 ## - TITLE STATEMENT | |
| Title | Donna (La), Figlia di San Paolo, nella pastorale specializzata secondo l'insegnamento di G. Alberione |
| 245 ## - TITLE STATEMENT | |
| Remainder of title | Donna (La), Figlia di San Paolo, nella Pastorale Specializzata Secondo L'Insegnamento di G. Alberione |
| 250 ## - EDITION STATEMENT | |
| Edition statement | 1a ed. |
| 260 ## - PUBLICATION, DISTRIBUTION, ETC. (IMPRINT) | |
| Place of publication, distribution, etc. | ROMA |
| 260 ## - PUBLICATION, DISTRIBUTION, ETC. (IMPRINT) | |
| Name of publisher, distributor, etc. | Edizioni Paoline Fsp |
| 260 ## - PUBLICATION, DISTRIBUTION, ETC. (IMPRINT) | |
| Date of publication, distribution, etc. | 1974 [1° Ed.:1974 - Ed.Ling.Originale:1974] |
| 300 ## - PHYSICAL DESCRIPTION | |
| Extent | "232 p. (prefazione: no ; testo: 232)" |
| 500 ## - GENERAL NOTE | |
| General note | Linee Direttive per un Apostolato Paolino Giacomo Alberione e suo carisma Attributi dell'Apostolato Pastoralità Paolinità Universalità e Romanita'Femminismo donna nella Società e nella Famiglia Vita Religiosa donna Vergine Apostola Figlia di San Paolo Associata Allo Zelo Sacerdotale Maria Modello della Figlia di San Paolo Formazione Cristiana Religiosa Paolina Formazione Eequilibrata e mezzi Educativi Figlia di San Paolo e Pastorale Specializzata Evangelizzazione in Senso Completo redazione Tecnica propaganda Predicazione Strumentale Stampa Cinema Radio Televisione |
| 650 ## - SUBJECT ADDED ENTRY--TOPICAL TERM | |
| Topical term or geographic name as entry element | AUTORI/OPERE FAMIGLIA PAOLINA |
| 650 ## - SUBJECT ADDED ENTRY--TOPICAL TERM | |
| Relator term | Codice materia Spics: 9903 |
| 942 ## - ADDED ENTRY ELEMENTS (KOHA) | |
| Koha item type | LIBRO |
| 957 ## - | |
| -- | 1 |
| 999 ## - SYSTEM CONTROL NUMBERS (KOHA) | |
| -- | 1 |
| Withdrawn status | Lost status | Damaged status | Not for loan | Home library | Current library | Date acquired | Total Checkouts | Full call number | Date last seen | Price effective from | Koha item type | Public note |
|---|---|---|---|---|---|---|---|---|---|---|---|---|
| Buone Condizioni | Not For Loan | SPICS-MEDIATECA | SPICS-MEDIATECA | 08/03/2013 | 4826 | 08/03/2013 | 08/03/2013 | LIBRO | Progressivo inserimento: 60387 / N. Volumi: 1 Copie: 1 Copia Rara: SI / data import: 1 marzo 2013 - By Epidotti, Trombetti, Vaglietti. |